Countries Closest to Argentina by Continent - Statistics

General Stats
  • This quiz has been taken 233 times
    222 since last reset
  • The average score is 19 of 30
Answer Stats
Answer % Correct
Brazil
94%
Bolivia
93%
Chile
93%
Paraguay
93%
Uruguay
93%
Portugal
88%
Spain
88%
France
85%
Panama
84%
Australia
74%
Costa Rica
74%
Trinidad and Tobago
70%
Andorra
67%
New Zealand
67%
Guinea
59%
Niue
59%
Ireland
49%
Curaçao
48%
Israel
48%
Grenada
47%
Tonga
47%
Cook Islands
45%
Liberia
45%
Palestine
44%
Cabo Verde
41%
Guinea-Bissau
41%
Sierra Leone
41%
Jordan
37%
Turkey
36%
Cyprus
26%
No matching quizzes found
Score Distribution
Percent of People with Each Score
Percentile by Number Answered
Your Score History
You have not taken this quiz since the last reset